Born in Rovaniemi - Statistics

General Stats
  • This quiz has been taken 6 times
  • The average score is 3 of 5
Answer Stats
Hint Answer % Correct
Lead vocalist of the Eurovision Song Contest winning rock band Lordi 1974 Mr. Lordi
100%
Former alpine ski racer and silver medalist in the women's giant slalom at the 2006 Winter Olympics 1980 Tanja Poutiainen
50%
Snowboarder and one of only two snowboarders to ever beat Shaun White in the X Games Superpipe 1985 Antti Autti
33%
Former Nordic combined athlete, winner of four overall World Cup titles, two Olympic medals and five World championship medals 1978 Hannu Manninen
33%
Former ski jumper and winner of the gold medal in the individual large hill event at the 1980 Winter Olympics 1954 Jouko Törmänen
33%
No matching quizzes found
Score Distribution
Percent of People with Each Score
Percentile by Number Answered
Your Score History
You have not taken this quiz